000 00649nam a2200193Ii 4500
003 JO-AjNU
008 230605s9999||||xx |||||||||||||| ||und||
040 _aJO-AjNU
_bara
_erda
_cJO-AjNU
041 _aara
050 1 4 _aHF5500.2.S3.1980
100 3 _aيوسف، سمير محمد,
_eauthor
_939509
245 0 0 _aادارة المنظمات
264 3 1 _aالاسكندرية:مؤسسة شباب الجامعة؛1980
300 _a447ص
_bيحتوي على ببلوغرافية من ص438-447ص
336 _atext
_btxt
_2rdacontent
337 _aunmediated
_bn
_2rdamedia
338 _avolume
_bnc
_2rdacarrier
650 4 _aالادارة
_939510
999 _aA16692
_c20260
_d20260